Biggest Countries in the Middle East by Area - Sudden Death - Statistics

General Stats
  • This quiz has been taken 54 times
  • The average score is 7 of 8
Answers on the Grid
Answers color-coded by a green-red scale on the quiz's grid according to % correct below.
United Arab Emirates
Saudi Arabia
Syria
Iran
Jordan
Egypt
Yemen
Israel
Iraq
Lebanon
Turkey
Qatar
Kuwait
Oman
Bahrain
 
Answer Stats
Answer % Correct
Saudi Arabia
96%
Egypt
94%
Turkey
91%
Iran
87%
Iraq
81%
Syria
77%
Oman
66%
Yemen
66%
No matching quizzes found
Score Distribution
Percent of People with Each Score
Percentile by Number Answered
Your Score History
You have not taken this quiz